Visualizzazione normale
Vista MARC
- Guccini Francesco
di Personal Name
Records bibliografici associati: 1
001 - CONTROL NUMBER
- control field: 2590
003 - CONTROL NUMBER IDENTIFIER
- control field: IT-RoPau
005 - DATE AND TIME OF LATEST TRANSACTION
- control field: 20131120171317.0
008 - FIXED-LENGTH DATA ELEMENTS
- fixed length control field: 131120|| aca||aabn | a|a d
040 ## - CATALOGING SOURCE
- Original cataloging agency: IT-RoPau
- Transcribing agency: IT-RoPau
100 ## - HEADING--PERSONAL NAME
- Personal name: Guccini Francesco
670 ## - SOURCE DATA FOUND
- Source citation: Work cat.: (IT-RoPau)101657: Guccini Francesco, Metropolis (Lp 3C 064-18546)